[Event "World Blitz Women 2022"]
[Site "Almaty KAZ"]
[Date "2022.12.29"]
[Round "3.7"]
[White "Tania, Sachdev"]
[Black "Shuvalova, Polina"]
[Result "0-1"]
[WhiteTitle "IM"]
[BlackTitle "IM"]
[WhiteElo "2389"]
[BlackElo "2502"]
[WhiteFideId "5007844"]
[BlackFideId "24171760"]
[EventDate "2022.12.29"]

1. d4 Nf6 2. c4 e6 3. Nf3 d5 4. Nc3 Nbd7 5. cxd5 exd5 6. Bf4 Nb6 7. e3 Bf5 8.
Bd3 Bxd3 9. Qxd3 Bd6 10. Bg5 Be7 11. O-O O-O 12. Ne5 c6 13. h3 Nfd7 14. Nxd7
Qxd7 15. Bxe7 Qxe7 16. Qc2 Nc8 17. Na4 Nd6 18. Nc5 h5 19. b4 a6 20. a4 Qg5 21.
Nd7 Rfe8 22. Ne5 Re6 23. Nf3 Qe7 24. Qc5 Re8 25. Rfe1 g5 26. Ne5 Rh6 27. Qc2 f6
28. Nd3 Qe6 29. Nc5 Qc8 30. f3 g4 31. hxg4 hxg4 32. fxg4 Qxg4 33. Qf2 Rg6 34.
Kf1 Re7 35. Qf3 Qh4 36. Qh3 Qg5 37. Kf2 Nc4 38. e4 Qd2+ 39. Kf1 Qf4+ 40. Kg1
dxe4 41. Nxb7 Reg7 42. Qc8+ Kh7 43. Ra2 Nd2 44. Qh3+ Rh6 45. Qe3 Nf3+ 46. Kf2
Qg3+ 47. Ke2 Qxe1# 0-1

[Event "World Blitz Women 2022"]
[Site "Almaty KAZ"]
[Date "2022.12.29"]
[Round "3.8"]
[White "Tan, Zhongyi"]
[Black "Padmini, Rout"]
[Result "1-0"]
[WhiteTitle "GM"]
[BlackTitle "IM"]
[WhiteElo "2518"]
[BlackElo "2389"]
[WhiteFideId "8603642"]
[BlackFideId "5029295"]
[EventDate "2022.12.29"]

1. d4 Nf6 2. c4 c5 3. d5 b5 4. cxb5 a6 5. bxa6 g6 6. Nc3 Bxa6 7. e4 Bxf1 8. Kxf1
d6 9. Nf3 Nbd7 10. g3 Bg7 11. Kg2 O-O 12. h3 Ra6 13. Qc2 Qa8 14. Rd1 Rb8 15. Bg5
Rxb2 16. Qxb2 Nxe4 17. Bd2 Ra3 18. Rac1 Nxc3 19. Bxc3 Rxa2 20. Ra1 Rxa1 21. Rxa1
Qxd5 22. Bxg7 1-0

[Event "World Blitz Women 2022"]
[Site "Almaty KAZ"]
[Date "2022.12.29"]
[Round "3.9"]
[White "Maltsevskaya, Aleksandra"]
[Black "Assaubayeva, Bibisara"]
[Result "0-1"]
[WhiteTitle "IM"]
[BlackTitle "IM"]
[WhiteElo "2400"]
[BlackElo "2440"]
[WhiteFideId "24174041"]
[BlackFideId "13708694"]
[EventDate "2022.12.29"]

1. e4 e5 2. Bc4 Nf6 3. Nc3 c6 4. Nf3 b5 5. Bb3 b4 6. Na4 Nxe4 7. Qe2 d5 8. Nxe5
Be6 9. O-O Bd6 10. d3 Nf6 11. Bg5 O-O 12. d4 h6 13. Bh4 Be7 14. Nc5 Bf5 15. Bxf6
Bxf6 16. c3 bxc3 17. bxc3 Qd6 18. Rfe1 Nd7 19. Qf3 Nxe5 20. dxe5 Bxe5 21. Qxf5
Bxc3 22. Nd3 Bxa1 23. Rxa1 Rfe8 24. h3 Qe6 25. Qf3 Rad8 26. Rc1 Rc8 27. Nc5 Qd6
28. Bc2 g6 29. Bd3 Kg7 30. g3 h5 31. h4 Rc7 32. Kg2 Rce7 33. Nb3 Rc7 34. Rd1 c5
35. Bc4 d4 36. Nd2 Qe7 37. Rb1 Rd8 38. Ne4 Rdd7 39. Ng5 Qf6 40. Ne4 Qxf3+ 41.
Kxf3 f5 42. Ng5 Rb7 43. Ne6+ Kf6 44. Re1 Re7 45. Nxc5 Rbc7 46. Rxe7 Kxe7 0-1

[Event "World Blitz Women 2022"]
[Site "Almaty KAZ"]
[Date "2022.12.29"]
[Round "3.10"]
[White "Voit, Daria"]
[Black "Paehtz, Elisabeth"]
[Result "1/2-1/2"]
[WhiteTitle "WGM"]
[BlackTitle "GM"]
[WhiteElo "2347"]
[BlackElo "2464"]
[WhiteFideId "4182146"]
[BlackFideId "4641833"]
[EventDate "2022.12.29"]

1. d4 Nf6 2. c4 g6 3. g3 Bg7 4. Bg2 O-O 5. Nc3 d6 6. Nf3 Nc6 7. O-O Bg4 8. d5
Bxf3 9. exf3 Na5 10. Qe2 c5 11. dxc6 Nxc6 12. f4 Rc8 13. Be3 Nd7 14. Rac1 Qa5
15. Rfd1 Nc5 16. Bxc6 bxc6 17. Bxc5 dxc5 18. Qxe7 Qb4 19. Ne4 Qxb2 20. Qxc5 Qxa2
21. f5 Rce8 22. Qxc6 Rc8 23. Qd5 Bh6 24. Ra1 Qxc4 25. Rxa7 Bg7 26. f6 Bh6 27.
Qxc4 Rxc4 28. Nd6 Rc6 29. Rd7 Bg5 30. Ne4 Bxf6 31. Nxf6+ Rxf6 32. Kg2 Kg7 1/2-1/2

[Event "World Blitz Women 2022"]
[Site "Almaty KAZ"]
[Date "2022.12.29"]
[Round "3.11"]
[White "Ushenina, Anna"]
[Black "Nomin-Erdene, Davaademberel"]
[Result "0-1"]
[WhiteTitle "GM"]
[BlackTitle "IM"]
[WhiteElo "2454"]
[BlackElo "2384"]
[WhiteFideId "14110911"]
[BlackFideId "4900782"]
[EventDate "2022.12.29"]

1. d4 f5 2. Nf3 Nf6 3. g3 g6 4. Bg2 Bg7 5. O-O O-O 6. c4 d6 7. Nc3 c6 8. Re1 Na6
9. Qc2 Qc7 10. b3 e5 11. dxe5 dxe5 12. e4 Nb4 13. Qe2 fxe4 14. Ng5 Bg4 15. f3
exf3 16. Bxf3 Bxf3 17. Nxf3 e4 18. Ng5 Rae8 19. Bf4 Qa5 20. Bd6 Qxg5 21. Bxb4 c5
22. Ba3 Ng4 23. Nxe4 Bd4+ 24. Kg2 Rxe4 25. Qxe4 Rf2+ 26. Kg1 Rxh2+ 27. Kf1 Rf2+
28. Kg1 Re2+ 29. Qxd4 Rxe1+ 30. Rxe1 cxd4 31. Bd6 Qd2 32. Re8+ Kg7 33. Re7+ Kf6
34. Rxh7 Qf2+ 35. Kh1 Qf1# 0-1

[Event "World Blitz Women 2022"]
[Site "Almaty KAZ"]
[Date "2022.12.29"]
[Round "3.12"]
[White "Mammadzada, Gunay"]
[Black "Pourkashiyan, Atousa"]
[Result "1-0"]
[WhiteTitle "IM"]
[BlackTitle "WGM"]
[WhiteElo "2472"]
[BlackElo "2321"]
[WhiteFideId "13403729"]
[BlackFideId "12502014"]
[EventDate "2022.12.29"]

1. d4 Nf6 2. c4 e6 3. g3 d5 4. Bg2 Be7 5. Nf3 O-O 6. O-O Ne4 7. Qc2 c6 8. Nbd2
f5 9. e3 Nd7 10. b3 Ndf6 11. Ne5 Bd7 12. f3 Nxd2 13. Bxd2 Be8 14. Rac1 Bd6 15.
Bc3 Bh5 16. Rfe1 Rc8 17. Nd3 Kh8 18. Qd2 Qe8 19. Bb4 Qe7 20. Bxd6 Qxd6 21. Qa5
a6 22. Qc5 Qd8 23. Qb4 Rc7 24. Nc5 Qe7 25. Qc3 Nd7 26. Nd3 Rcc8 27. a4 Rce8 28.
f4 Qd6 1-0

[Event "World Blitz Women 2022"]
[Site "Almaty KAZ"]
[Date "2022.12.29"]
[Round "3.13"]
[White "Gvetadze, Sofio"]
[Black "Gunina, Valentina"]
[Result "0-1"]
[WhiteTitle "IM"]
[BlackTitle "GM"]
[WhiteElo "2298"]
[BlackElo "2476"]
[WhiteFideId "13601440"]
[BlackFideId "4167570"]
[EventDate "2022.12.29"]

1. Nf3 d5 2. c4 c6 3. e3 Bg4 4. b3 e6 5. Bb2 Nf6 6. d3 Nbd7 7. Be2 Bd6 8. Nbd2
O-O 9. O-O Re8 10. Rc1 e5 11. cxd5 cxd5 12. h3 Bf5 13. Nh4 Be6 14. e4 Nxe4 15.
dxe4 Qxh4 16. exd5 Bxh3 17. gxh3 e4 18. Re1 Qxh3 19. Nf1 Ne5 20. Rc3 Qh4 21. Rg3
Ng6 22. Rg4 Qh3 23. Qd2 h5 24. Rg2 Bf4 25. Qc3 Qxc3 26. Bxc3 Rac8 27. Bd4 Nh4
28. Rxg7+ Kf8 29. Rh7 Ke7 30. Bxh5 Rg8+ 31. Ng3 Kd6 32. Rxf7 Bxg3 33. fxg3 Rxg3+
34. Kf1 Rg5 35. Be2 Nf5 36. Rf6+ Ke7 37. Re6+ Kf8 38. Bf2 e3 39. Bd3 exf2 40.
Kxf2 Ng7 41. Rf6+ Kg8 42. Rh1 Nh5 43. Rg6+ Rxg6 44. Bxg6 Nf6 45. Bf5 Rc5 46.
Be6+ Kf8 47. Rh8+ Ke7 48. Rb8 Ne4+ 49. Ke3 Nd6 50. Kd4 Rc2 51. a4 Rd2+ 52. Ke3
Rb2 53. Rh8 Rxb3+ 54. Kd4 Rb4+ 55. Kc3 Rxa4 56. Rh7+ Kf6 57. Rh6+ Kg5 58. Rh7 a5
59. Rd7 Ne4+ 60. Kc2 Kf6 61. Rxb7 Ke5 62. Rb6 Rc4+ 63. Kb3 Rd4 64. Ka3 Nd6 65.
Kb3 a4+ 66. Kc2 Nc4 67. Ra6 a3 68. Bf7 Nd6 69. Be6 Nb5 70. Bg8 Rb4 71. d6 Rb2+
72. Kc1 Nxd6 73. Rxa3 Rg2 74. Bb3 Kd4 75. Bc2 Nc4 76. Rd3+ Kc5 77. Rh3 Rg1+ 78.
Bd1 Kd4 79. Rb3 Ne3 80. Rb4+ 0-1

[Event "World Blitz Women 2022"]
[Site "Almaty KAZ"]
[Date "2022.12.29"]
[Round "3.14"]
[White "Beydullayeva, Govhar"]
[Black "Javakhishvili, Lela"]
[Result "1-0"]
[WhiteTitle "WGM"]
[BlackTitle "IM"]
[WhiteElo "2387"]
[BlackElo "2440"]
[WhiteFideId "13413015"]
[BlackFideId "13601458"]
[EventDate "2022.12.29"]

1. d4 c5 2. d5 g6 3. e4 Bg7 4. Nc3 d6 5. h3 Nf6 6. Nf3 O-O 7. Bd3 Na6 8. O-O Nc7
9. a4 Rb8 10. Re1 b6 11. Bg5 a6 12. Qd2 b5 13. axb5 axb5 14. Bh6 b4 15. Nd1 e6
16. Bxg7 Kxg7 17. dxe6 Bxe6 18. Ne3 d5 19. exd5 Nfxd5 20. Nc4 Qf6 21. Nfe5 Nf4
22. Re3 Bd5 23. Be4 Rbd8 24. Bxd5 Rxd5 25. Qe1 Nce6 26. Ra7 Rd4 27. Nd7 Qg5 28.
Rg3 Qd8 29. Qe5+ Kh6 30. Nxf8 Rd5 31. Nxe6 Rd1+ 32. Kh2 Nxe6 33. Qe3+ Kg7 34.
Qxe6 1-0

[Event "World Blitz Women 2022"]
[Site "Almaty KAZ"]
[Date "2022.12.29"]
[Round "3.15"]
[White "Zatonskih, Anna"]
[Black "Tokhirjonova, Gulrukhbegim"]
[Result "0-1"]
[WhiteTitle "IM"]
[BlackTitle "WGM"]
[WhiteElo "2349"]
[BlackElo "2328"]
[WhiteFideId "14101572"]
[BlackFideId "14203626"]
[EventDate "2022.12.29"]

1. d4 Nf6 2. c4 e6 3. Nc3 Bb4 4. e3 d5 5. Nf3 O-O 6. Bd2 b6 7. Rc1 Bb7 8. cxd5
exd5 9. Bd3 a6 10. O-O Nbd7 11. Ne5 Bd6 12. f4 c5 13. Qf3 Re8 14. Be1 cxd4 15.
exd4 Nf8 16. Bh4 Be7 17. f5 b5 18. g4 Qb6 19. Bf2 Rac8 20. g5 Ne4 21. f6 gxf6
22. gxf6 Qxf6 23. Qg2+ Qg7 24. Bg3 f6 25. Nf3 Ng6 26. Rce1 Bb4 27. Nxd5 Bxd5 28.
Bxe4 Rxe4 29. Qh3 Rce8 30. Rd1 Bf8 31. Rc1 Qh6 32. Qf5 Bf7 33. Rc7 R8e7 34. Rc8
Re8 35. Rc6 Bg7 36. Rxa6 Qe3+ 37. Kh1 Qe2 38. Kg1 Qxb2 39. h4 Re2 40. Qh3 R2e3
41. h5 Ne7 42. h6 Bf8 43. Qg4+ Ng6 44. Rxf6 Qxa2 45. Ne5 Bc4 0-1

[Event "World Blitz Women 2022"]
[Site "Almaty KAZ"]
[Date "2022.12.29"]
[Round "3.16"]
[White "Badelka, Olga"]
[Black "Yao, Lan"]
[Result "1-0"]
[WhiteTitle "IM"]
[BlackTitle "WIM"]
[WhiteElo "2416"]
[BlackElo "2271"]
[WhiteFideId "13509926"]
[BlackFideId "8610835"]
[EventDate "2022.12.29"]

1. e4 c5 2. Nf3 e6 3. g3 Nc6 4. Bg2 Nf6 5. d3 d6 6. O-O Be7 7. Nc3 O-O 8. Nh4 a6
9. f4 Qc7 10. Kh1 Bd7 11. Be3 Rab8 12. f5 Ne5 13. Bf4 b5 14. fxe6 fxe6 15. Nf3
Nfg4 16. Nxe5 Nxe5 17. Qh5 Bf6 18. Bg5 Qd8 19. Bxf6 Rxf6 20. Rxf6 Qxf6 21. Rf1
Qe7 22. Nd1 Rf8 23. Rxf8+ Qxf8 24. Kg1 Qf6 25. Ne3 Bc6 26. Qe2 Be8 27. c3 Nc6
28. Bh3 b4 29. Qf2 Bf7 30. Qxf6 gxf6 31. Kf2 bxc3 32. bxc3 Kf8 33. Ke2 Ke7 34.
Kd2 Be8 35. Bg2 Bd7 36. Nc4 Ne5 37. Nxe5 fxe5 38. Kc2 Bc6 39. Kb3 d5 40. Kc2 Kd6
41. Kd2 Be8 42. Bf3 Bf7 43. g4 Be8 44. h4 Bf7 45. g5 Ke7 46. h5 Kd6 47. Kc2 Ke7
48. Kb3 Kd6 49. Ka4 c4 50. dxc4 d4 51. Kb3 Kc5 52. Be2 d3 53. Bf3 Be8 1-0

[Event "World Blitz Women 2022"]
[Site "Almaty KAZ"]
[Date "2022.12.29"]
[Round "3.17"]
[White "Frayna, Janelle Mae"]
[Black "Shukhman, Anna"]
[Result "1-0"]
[WhiteTitle "WGM"]
[BlackTitle "WFM"]
[WhiteElo "2265"]
[BlackElo "2161"]
[WhiteFideId "5212499"]
[BlackFideId "54180058"]
[EventDate "2022.12.29"]

1. e4 c5 2. Nf3 g6 3. d4 cxd4 4. Qxd4 Nf6 5. Nc3 Nc6 6. Qa4 d6 7. e5 dxe5 8.
Nxe5 Bg7 9. Bb5 O-O 10. Nxc6 bxc6 11. Bxc6 Rb8 12. O-O Bf5 13. Qxa7 Qd6 14. Bf3
Bxc2 15. a4 e5 16. Be3 Rfc8 17. Nb5 Qb4 18. Bb7 Re8 19. Bc5 Qh4 20. Nd6 Rf8 21.
Rfc1 Bb3 22. Nb5 Rxb7 23. Qxb7 Bd5 24. Qc7 Qg4 25. f3 Bxf3 26. Rc2 Rc8 27. Qa7
Be4 28. Rf2 Qe6 29. Re1 Nd7 30. Be3 Bd5 31. Nc7 Qc6 32. Nxd5 Qxd5 33. Rd2 Qb3
34. Qxd7 Rf8 35. Qb5 Qe6 36. Qd5 Qa6 37. Qb5 Qe6 38. b4 Kh8 39. Qd5 Qa6 40. a5
f5 41. Bc5 Rg8 42. Qd6 Qc4 43. Qd3 Qe6 44. Qd5 Qa6 45. Bd6 e4 46. Be5 Qa7+ 47.
Kh1 e3 48. Bxg7+ Rxg7 49. Rde2 Rd7 50. Qe5+ Kg8 51. Qxe3 Qb8 52. Qe8+ 1-0

[Event "World Blitz Women 2022"]
[Site "Almaty KAZ"]
[Date "2022.12.29"]
[Round "3.18"]
[White "Lagno, Kateryna"]
[Black "Lhotska, Anna"]
[Result "1-0"]
[WhiteTitle "GM"]
[BlackTitle "WFM"]
[WhiteElo "2563"]
[BlackElo "2159"]
[WhiteFideId "14109336"]
[BlackFideId "376183"]
[EventDate "2022.12.29"]

1. e4 c5 2. Nf3 d6 3. d4 cxd4 4. Nxd4 Nf6 5. Nc3 a6 6. Be2 e6 7. Be3 Qc7 8. g4
b5 9. g5 Nfd7 10. a3 Bb7 11. Qd2 Nb6 12. O-O-O N8d7 13. f4 Nc5 14. Bd3 d5 15.
exd5 Nxd5 16. Nxd5 Bxd5 17. Rhe1 Nxd3+ 18. Qxd3 Qc4 19. Qxc4 Bxc4 20. f5 Be7 21.
Nc6 Rc8 22. Nxe7 Kxe7 23. Bd4 Rhg8 24. Bxg7 Ke8 25. Bf6 Bb3 26. Rd2 Bc4 27. Re3
a5 28. b3 Bf1 29. Rf2 Bh3 30. Rxh3 1-0

[Event "World Blitz Women 2022"]
[Site "Almaty KAZ"]
[Date "2022.12.29"]
[Round "3.19"]
[White "Kosteniuk, Alexandra"]
[Black "Lu, Miaoyi"]
[Result "1-0"]
[WhiteTitle "GM"]
[WhiteElo "2520"]
[BlackElo "2399"]
[WhiteFideId "4128125"]
[BlackFideId "8618020"]
[EventDate "2022.12.29"]

1. e4 c5 2. c3 Nf6 3. e5 Nd5 4. Nf3 Nc6 5. Bc4 Nb6 6. Bb3 c4 7. Bc2 Qc7 8. O-O
Nxe5 9. Nxe5 Qxe5 10. a4 Nd5 11. Re1 Qc7 12. Na3 Nf4 13. Qf3 d5 14. d4 Nd3 15.
Bxd3 cxd3 16. Qxd5 e6 17. Nb5 Qb8 18. Qf3 Bd6 19. Nxd6+ Qxd6 20. Qxd3 O-O 21.
Qe4 Bd7 22. Bf4 Qb6 23. Qc2 a5 24. Re3 Bc6 25. Rh3 f5 26. Re3 Rf6 27. f3 Rg6 28.
Rae1 Re8 29. h4 h5 30. Bg5 Bd5 31. Re5 Bb3 32. Qf2 Bxa4 33. d5 Bb3 34. Qxb6 1-0

[Event "World Blitz Women 2022"]
[Site "Almaty KAZ"]
[Date "2022.12.29"]
[Round "3.20"]
[White "Balabayeva, Xeniya"]
[Black "Khademalsharieh, Sarasadat"]
[Result "1-0"]
[WhiteTitle "WIM"]
[BlackTitle "IM"]
[WhiteElo "2183"]
[BlackElo "2490"]
[WhiteFideId "13719688"]
[BlackFideId "12512214"]
[EventDate "2022.12.29"]

1. e4 e5 2. Nf3 Nc6 3. Bc4 Bc5 4. d3 Nf6 5. O-O a6 6. a4 h6 7. Nc3 d6 8. h3 O-O
9. Be3 Nd4 10. Bxd4 Bxd4 11. Nxd4 exd4 12. Ne2 c5 13. Ba2 Be6 14. f4 Bxa2 15.
Rxa2 b5 16. b3 Nd7 17. Ng3 g6 18. Qg4 Kh7 19. axb5 a5 20. Qf3 Rb8 21. Rfa1 Rxb5
22. Qf2 Nb8 23. f5 Nc6 24. Rf1 Kg7 25. f6+ Kh7 26. h4 Ne5 27. h5 Rb6 28. Qf4 Qd7
29. Rxa5 Qg4 30. Qxg4 Nxg4 31. hxg6+ Kxg6 32. Nf5 Nxf6 33. Ne7+ Kg7 34. Rxf6 Rb7
35. Nd5 c4 36. dxc4 Re8 37. Rf4 Re5 38. Ra1 1-0

[Event "World Blitz Women 2022"]
[Site "Almaty KAZ"]
[Date "2022.12.29"]
[Round "3.21"]
[White "Gaboyan, Susanna"]
[Black "Khotenashvili, Bela"]
[Result "1-0"]
[WhiteTitle "WIM"]
[BlackTitle "GM"]
[WhiteElo "2200"]
[BlackElo "2485"]
[WhiteFideId "13303627"]
[BlackFideId "13602640"]
[EventDate "2022.12.29"]

1. Nf3 g6 2. g3 Bg7 3. d4 c5 4. Bg2 cxd4 5. Nxd4 Nc6 6. Nxc6 bxc6 7. O-O Rb8 8.
Nc3 c5 9. e4 d6 10. Re1 h5 11. h4 Nh6 12. Nd5 e6 13. Bg5 f6 14. Bxh6 Bxh6 15.
Ne3 Bxe3 16. Rxe3 Rxb2 17. Rd3 Ke7 18. Qc1 Rb6 19. Qe3 Ba6 20. Rd2 Qb8 21. Rad1
Bc4 22. a4 e5 23. f4 exf4 24. gxf4 Be6 25. a5 Rb1 26. Rxd6 Qxd6 27. Rxb1 Rd8 28.
f5 Bf7 29. c3 Rd7 30. fxg6 Bxg6 31. Qh6 Bf7 32. Rf1 Qe5 33. Qe3 Be6 34. Qf3 Rd2
35. Kh1 Bg4 36. Qe3 Re2 37. Qd3 Rb2 38. Qa6 Kf7 39. Qxa7+ Kg6 40. Qa8 Qe6 41. e5
Bh3 42. Qe4+ Kg7 43. exf6+ Kf7 44. Qh7+ Ke8 45. f7+ Kd7 46. f8=Q+ 1-0

[Event "World Blitz Women 2022"]
[Site "Almaty KAZ"]
[Date "2022.12.29"]
[Round "3.22"]
[White "Savitha, Shri B"]
[Black "Schulze, Lara"]
[Result "0-1"]
[WhiteTitle "WIM"]
[BlackTitle "FM"]
[WhiteElo "2411"]
[BlackElo "2284"]
[WhiteFideId "35061887"]
[BlackFideId "12956830"]
[EventDate "2022.12.29"]

1. e4 c5 2. Nf3 Nc6 3. d4 cxd4 4. Nxd4 Nf6 5. Nc3 d6 6. Bc4 e6 7. Be3 Bd7 8. Qe2
a6 9. O-O-O b5 10. Bb3 Na5 11. f3 Be7 12. g4 Qc7 13. g5 Nh5 14. f4 g6 15. f5
Nxb3+ 16. axb3 O-O 17. Rhf1 b4 18. Na4 e5 19. Nf3 Bb5 20. Qd2 Bxf1 21. Rxf1 Rac8
22. Nb6 Rb8 23. Nd5 Qb7 24. Ne1 Rfc8 25. Rf3 a5 26. Rh3 Bd8 27. Qe2 Qb5 28. Nd3
a4 29. bxa4 Qxa4 30. Kd1 Qa1+ 31. Nc1 Qxb2 32. f6 b3 33. cxb3 Rxb3 34. Nxb3
Qxb3+ 35. Ke1 Qb1+ 36. Kf2 Qxe4 37. Ne7+ Bxe7 38. fxe7 Nf4 39. Bxf4 Qxf4+ 40.
Rf3 Qxh2+ 41. Ke1 Qxe2+ 42. Kxe2 Re8 43. Rf6 Rxe7 44. Rxd6 Kg7 45. Kf3 h6 46.
gxh6+ Kxh6 47. Rd8 Kg5 48. Ke4 f5+ 49. Kf3 e4+ 50. Ke3 Ra7 51. Rd1 Ra3+ 52. Kd4
Rd3+ 53. Rxd3 exd3 54. Kd5 0-1

[Event "World Blitz Women 2022"]
[Site "Almaty KAZ"]
[Date "2022.12.29"]
[Round "3.23"]
[White "Bivol, Alina"]
[Black "Munkhzul, Turmunkh"]
[Result "0-1"]
[WhiteTitle "IM"]
[BlackTitle "WIM"]
[WhiteElo "2364"]
[BlackElo "2318"]
[WhiteFideId "4100123"]
[BlackFideId "4901878"]
[EventDate "2022.12.29"]

1. e4 c5 2. Nf3 d6 3. Bb5+ Bd7 4. Bxd7+ Qxd7 5. O-O Nc6 6. c3 Nf6 7. Re1 e6 8.
d4 cxd4 9. cxd4 d5 10. e5 Ne4 11. Nbd2 Nxd2 12. Bxd2 Be7 13. Rc1 O-O 14. Rc3
Rfc8 15. Rd3 Nb4 16. Bxb4 Bxb4 17. Rf1 Be7 18. h4 h6 19. Nh2 Rc4 20. Qh5 Bf8 21.
b3 Rc2 22. a4 Rac8 23. Ng4 Kh8 24. Ne3 R2c3 25. Qd1 Be7 26. f4 Qc7 27. f5 Bxh4
28. f6 Bg5 29. fxg7+ Kxg7 30. Rxc3 Qxc3 31. Ng4 h5 32. Nf6 Qe3+ 33. Kh1 Rc1 34.
Qxc1 Qxc1 35. Rxc1 Bxc1 36. Nxh5+ Kg6 37. Ng3 Be3 38. Ne2 Kf5 0-1

[Event "World Blitz Women 2022"]
[Site "Almaty KAZ"]
[Date "2022.12.29"]
[Round "3.24"]
[White "Gaponenko, Inna"]
[Black "Enkhtuul, Altan-Ulzii"]
[Result "0-1"]
[WhiteTitle "IM"]
[BlackTitle "WGM"]
[WhiteElo "2341"]
[BlackElo "2285"]
[WhiteFideId "14101181"]
[BlackFideId "4901444"]
[EventDate "2022.12.29"]

1. e4 Nf6 2. e5 Nd5 3. c4 Nb6 4. c5 Nd5 5. Bc4 e6 6. d4 d6 7. cxd6 cxd6 8. Nf3
Nb6 9. Bd3 Nc6 10. Nc3 dxe5 11. dxe5 Be7 12. Qe2 Nb4 13. Be4 N4d5 14. O-O O-O
15. Rd1 Nxc3 16. bxc3 Qc7 17. Bg5 h6 18. Bxe7 Qxe7 19. Rac1 Rb8 20. Bb1 Bd7 21.
Qe4 g6 22. Nd4 Kg7 23. Rd3 Qg5 24. Re1 Bc6 25. Nxc6 bxc6 26. Rg3 Qh5 27. Qxc6
Rbd8 28. Qf3 Qxf3 29. Rxf3 Nc4 30. h4 Rd5 31. Rf4 Nxe5 32. Ra4 a5 33. Be4 Rc5
34. f3 Rd8 35. Rb1 Rd2 36. Rb7 Rd7 37. Rb8 f5 38. Bc2 Rd2 39. Bb3 Rxc3 40. Bxe6
Rc1+ 41. Kh2 Nxf3+ 42. Kg3 Nd4 43. Rb7+ Kf6 44. Bb3 Rc3+ 45. Kh2 Nf3+ 46. Kg3
Ne1+ 47. Kh2 Rxg2+ 48. Kh1 Rh3# 0-1

[Event "World Blitz Women 2022"]
[Site "Almaty KAZ"]
[Date "2022.12.29"]
[Round "3.25"]
[White "Tereladze, Sopio"]
[Black "Mammadova, Gulnar"]
[Result "1-0"]
[WhiteTitle "WIM"]
[BlackTitle "IM"]
[WhiteElo "2215"]
[BlackElo "2376"]
[WhiteFideId "13600486"]
[BlackFideId "13403508"]
[EventDate "2022.12.29"]

1. e4 e6 2. d3 d5 3. Nd2 c5 4. g3 Nc6 5. Bg2 g6 6. Ngf3 Bg7 7. O-O Nge7 8. Re1
b6 9. Qe2 a5 10. e5 h6 11. Nf1 Qc7 12. h4 d4 13. Bf4 Bb7 14. N1d2 Nb4 15. Nc4
Nbd5 16. Nd6+ Kf8 17. Nxb7 Qxb7 18. Nd2 Rd8 19. Qf3 Qc7 20. a4 Nc6 21. Nc4 Qe7
22. Qg4 Qc7 23. Be4 Nce7 24. Nd6 Kg8 25. Rac1 Nb4 26. c3 Nbc6 27. cxd4 Nxd4 28.
Bg2 Nef5 29. Be4 Kh7 30. h5 Qd7 31. hxg6+ fxg6 32. Kg2 Kg8 33. Rh1 Nxd6 34. exd6
e5 35. Qxg6 exf4 36. Bd5+ Kf8 37. Rh5 f3+ 38. Kg1 Ne2+ 39. Kh2 Nd4 40. Rc4 Re8
41. Rxd4 cxd4 42. Rf5+ 1-0

[Event "World Blitz Women 2022"]
[Site "Almaty KAZ"]
[Date "2022.12.29"]
[Round "3.26"]
[White "Kamalidenova, Meruert"]
[Black "Foudzi, Siti Zulaikha"]
[Result "1-0"]
[WhiteTitle "WIM"]
[BlackTitle "WIM"]
[WhiteElo "2377"]
[BlackElo "2136"]
[WhiteFideId "13712802"]
[BlackFideId "5700965"]
[EventDate "2022.12.29"]

1. e4 g6 2. d4 Bg7 3. Nc3 d6 4. Nf3 a6 5. Bd3 Nc6 6. Be3 Bg4 7. Be2 e5 8. dxe5
dxe5 9. Qxd8+ Rxd8 10. Nd5 Rd7 11. O-O-O Bxf3 12. Bxf3 Nge7 13. Bg4 f5 14. Nxe7
Nxe7 15. exf5 gxf5 16. Bh5+ Ng6 17. Bg5 Rd6 18. Bf3 e4 19. Be2 b5 20. f3 h6 21.
Bd2 Kf7 22. fxe4 fxe4 23. Bh5 Re8 24. Be3 Re5 25. Rhf1+ Bf6 26. g4 Kg7 27. Bd4
Rxd4 28. Rxd4 e3 29. Re1 e2 30. g5 Bxg5+ 31. Kb1 Nf4 32. Rd7+ 1-0

[Event "World Blitz Women 2022"]
[Site "Almaty KAZ"]
[Date "2022.12.29"]
[Round "3.27"]
[White "Kurmangaliyeva, Liya"]
[Black "Charochkina, Daria"]
[Result "0-1"]
[WhiteTitle "FM"]
[BlackTitle "IM"]
[WhiteElo "2287"]
[BlackElo "2344"]
[WhiteFideId "13725831"]
[BlackFideId "4180917"]
[EventDate "2022.12.29"]

1. e4 c6 2. d4 d5 3. Nc3 dxe4 4. Nxe4 Nf6 5. Nxf6+ exf6 6. c3 Bd6 7. Bd3 Na6 8.
Qc2 Kf8 9. Ne2 Nc7 10. Bd2 h5 11. c4 Ne6 12. a3 g6 13. Be3 Kg7 14. O-O-O b5 15.
c5 Bc7 16. h3 f5 17. g4 hxg4 18. hxg4 Rxh1 19. Rxh1 f4 20. Bd2 Bb7 21. Bc3 f6
22. Bxg6 Ng5 23. Bf5 Qd5 24. Re1 Re8 25. Qd3 a5 26. Ng1 Rxe1+ 27. Bxe1 Qh1 28.
Bd2 Qxg1+ 29. Kc2 Qxf2 30. Kb1 Nf3 31. Bc3 Qe3 32. Qc2 b4 33. axb4 axb4 34. Bxb4
Nxd4 35. Qc4 Be5 36. Bc3 Nxf5 37. gxf5 Bxc3 38. bxc3 Bc8 39. Qa4 Bxf5+ 0-1

[Event "World Blitz Women 2022"]
[Site "Almaty KAZ"]
[Date "2022.12.29"]
[Round "3.28"]
[White "Balajayeva, Khanim"]
[Black "Nurmanova, Alua"]
[Result "0-1"]
[WhiteTitle "WGM"]
[BlackTitle "WIM"]
[WhiteElo "2379"]
[BlackElo "2191"]
[WhiteFideId "13406396"]
[BlackFideId "13729390"]
[EventDate "2022.12.29"]

1. e4 c5 2. c3 d5 3. exd5 Qxd5 4. d4 Nf6 5. Nf3 Bg4 6. Nbd2 Nc6 7. Bc4 Bxf3 8.
Qb3 Na5 9. Qa4+ Qd7 10. Qxa5 Bxg2 11. Rg1 Bc6 12. Qxc5 e6 13. Qg5 O-O-O 14. Nb3
Ne4 15. Qa5 Kb8 16. Be3 b6 17. Qh5 g6 18. Qe2 Bd6 19. f3 Nf6 20. O-O-O Nd5 21.
Bg5 Rde8 22. Kb1 h6 23. Bc1 g5 24. Nd2 Nf4 25. Qf2 Nh3 26. Qe2 Nxg1 27. Rxg1 Bf4
28. Ne4 Qc7 29. Nf6 Rd8 30. Nh5 Bxh2 31. Rh1 Bd6 32. Nf6 Bf4 33. Ng4 Bxc1 34.
Rxc1 Bd5 35. Ba6 h5 36. Ne5 f6 37. Nd3 Bc4 38. Bxc4 Qxc4 39. b3 Qb5 40. Qh2+ Ka8
41. Nb4 Qf5+ 42. Kb2 Qxf3 43. Re1 Rhe8 44. Qc7 Qb7 45. Qh2 h4 46. Qf2 f5 47. a4
a5 48. Nd3 h3 49. Ne5 g4 50. Rg1 Qe4 51. Qf1 Ka7 52. Qb5 Kb7 53. Qf1 h2 54. Rh1
g3 55. Qh3 Qxh1 56. Qh8 Ka8 57. Qh7 Qb7 58. Qc7 0-1